Loga stacji paliw - Statystyki

Ogólne statystyki
  • Ten quiz został rozwiązany 37 razy
  • Średni wynik to 6 z 14
Statystyki odpowiedzi
Obrazkowy Odpowiedź % Poprawnych
Orlen
100%
Shell
100%
BP
94%
Circle K
75%
Moya
75%
Mol
39%
Amic
36%
Huzar
17%
AS24/Total
11%
Avia
8%
Pieprzyk
8%
Slovnaft
8%
Dyskont Paliwowy
3%
International Diesel Service
0%
Nie znaleziono quizów pasujących do podanych kryteriów
Rozkład punktacji
Procent ludzi z każdym wynikiem
Percentyl według liczby udzielonych odpowiedzi
Twoja historia wyników
Nie rozwiązałeś tego quizu